| 000 | 00727nam a2200229Ia 4500 | ||
|---|---|---|---|
| 001 | 21687 | ||
| 005 | 20260407075801.0 | ||
| 008 | 260320s9999||||xx |||||||||||||| ||und|| | ||
| 022 | _a23134828 | ||
| 041 | _aESP | ||
| 082 |
_aHR 346 AGO 2025 _bACI |
||
| 110 | _aInstituto Pacífico | ||
| 245 | 0 |
_aActualidad civil : _brevista de derecho civil, procesal civil registral e inmobiliario |
|
| 260 |
_aLima : _bInstituto Pacífico, _c2025 |
||
| 300 |
_a315 páginas : _c25 cm. |
||
| 505 | _aNúmero 134 | ||
| 650 | _aCIS | ||
| 653 | _aDerecho - Revista | ||
| 654 | _aDER | ||
| 856 |
_uhttps://actualidadcivil-pe.ucsp.lookproxy.com/revista-digital/edicion/actualidad-civil-134 _zVersión digital |
||
| 942 |
_cREV _dJUS _fTRC _2ddc |
||
| 999 |
_c21687 _d21687 |
||